000 00897nam a2200241 a 4500
005 20200104041548.0
008 140123b2003 ck ||||| |||| 00| 0 spa d
041 _aspa
044 _ack
090 _aIAVH
_b00319
110 _bInstituto de Investigación de Recursos Biológicos Alexander von Humboldt
_bUnidad de Producción Audiovisual
_922953
245 _aPaisajes rurales
_bSistemas productivos y biodiversidad, una propuesta para conocerlos
260 _aBogotá
_bInstituto Alexander von Humboldt
_bEmbajada Real de los Países Bajos
_bGEF
_bBanco Mundial
_c2003
300 _a23 min.
650 _aConservación de biodiversidad
_9345
650 _aPaisajes rurales
_92419
650 _aCaracterización biológica
_92833
650 _aCaracterización socioeconómica
_91318
650 _aAgroecosistemas
_922954
662 _aColombia
942 _cCD-ROM
_01
_2z
945 _d2004-11-04
999 _c4246
_d4246